| 000 | 00608nam a2200193 i 4500 | ||
|---|---|---|---|
| 001 | 90111 | ||
| 003 | ES-MaACL | ||
| 005 | 20230906180342.0 | ||
| 007 | t| | ||
| 008 | 050118s1971 ag ||||1| spa d | ||
| 100 | 1 |
_aLefebvre, Henri. _971225 |
|
| 245 | 1 | 0 |
_aQué es la dialéctica / _cHenri Lefebvre y N. Guterman ; [traducción de Rodrigo García Treviño]. |
| 260 |
_aBuenos Aires : _bLa Pleyade, _c[1971] |
||
| 300 |
_a157 p. ; _c20 cm. |
||
| 650 | 0 | 4 |
_aDialéctica. _911854 |
| 700 | 1 |
_aGuterman, Norberto. _961030 |
|
| 700 | 1 |
_aGarcía Treviño, Rodrigo. _955346 |
|
| 852 |
_aES-MaACL _jA-9143 _bR.98265 |
||
| 999 |
_c90111 _d90111 |
||